| 000 | 00436cam a2200193 4500 | ||
|---|---|---|---|
| 001 | D11953 | ||
| 008 | 090401t1967 xxu||||| |||| 00| 0 eng d | ||
| 035 | _a(Sirsi) u378 | ||
| 041 | _aeng | ||
| 100 | _aAldridge, Trevor M. | ||
| 245 | _aBetterment levy | ||
| 260 |
_aLondon _bOyez _c1967 |
||
| 300 | _axxiii,151p. ; 21cm. | ||
| 350 | _a0 | ||
| 520 | _aShelf 113 | ||
| 650 | _aBETTERMENT LEVY | ||
| 942 | _n0 | ||
| 948 | _c04/03/1997 | ||
| 999 |
_c85543 _d85543 |
||